Tecnologias de producción, industrialización, comercialización y exportación de ajos en Chile
Saved in:
| Format: | Bog |
|---|---|
| Sprog: | spansk |
| Udgivet: |
Santiago
Instituto de Investigaciones Agropecuarias, Estación Experimental La Platina
1991
|
| Serier: | Serie La Platina, 28
|
| Fag: | |
| Tags: |
Tilføj Tag
Ingen Tags, Vær først til at tagge denne postø!
|
MARC
| LEADER | 00000nam a2200000 a 4500 | ||
|---|---|---|---|
| 001 | UCX8501 | ||
| 003 | CL-VaPUC | ||
| 005 | 20230817172017.0 | ||
| 008 | 940407e19910000cl 1 spa d | ||
| 082 | 0 | 4 | |a 635.26 |b CUR |2 21 |
| 245 | 1 | 0 | |a Tecnologias de producción, industrialización, comercialización y exportación de ajos en Chile |
| 260 | |a Santiago |b Instituto de Investigaciones Agropecuarias, Estación Experimental La Platina |c 1991 | ||
| 300 | |a 233 p | ||
| 490 | 0 | |a Serie La Platina, 28 | |
| 583 | |a last modification |c 20181001 01:13:03 |k Rodrigo Vera | ||
| 650 | 0 | 0 | |a Ajo (Allium sativum) |9 264164 |
| 650 | 0 | 0 | |a Cosecha |9 259688 |
| 651 | 7 | |a CHILE |2 CL-VaPUC |9 616932 | |
| 942 | |c BK | ||
| 945 | |a mfernand |d 19940407 00:00:00 | ||
| 546 | |a En Español | ||
| 518 | |p Curso Taller en tecnologias de Producción, Industrialización, Comercialización y Exportación de Ajos en Chile, 1, 1991 | ||
| 999 | |c 382199 |d 382197 | ||